| 000 | 00588cam a22001697a 4500 | ||
|---|---|---|---|
| 008 | 180718b2002 xxu||||| |||| 00| 0 eng d | ||
| 020 | _a082135163X | ||
| 082 | _aY4x56 P959 | ||
| 100 | _aPsswarayi-Riddihough, Idah | ||
| 245 |
_aForestry in the Middle East and North Africa : an implementation review _cby Idah Psswarayi-Riddihough |
||
| 260 |
_aWashington, D.C. _bWorld Bank _c2002 |
||
| 300 | _a56p. | ||
| 650 | _aForest and forestry - Africa, North | ||
| 650 | _aForest and forestry - Middle East | ||
| 650 | _aForest policy - Africa, North | ||
| 650 | _aForest policy - Middle East | ||
| 999 |
_c287758 _d287758 |
||